| 000 | 00382nam a22001337a 4500 | ||
|---|---|---|---|
| 082 |
_a621.3702 _bINT _cL-11, P-15 |
||
| 100 |
_aL.S.B London _941697 |
||
| 245 |
_aInterior Lighting Design _bL.S.B London |
||
| 260 |
_aLondon _bLighting Service Bureau _c1948 |
||
| 300 |
_a60 p. : _bill, ; _c20 cm. |
||
| 526 |
_a0 _b0 _c0 _d621_370200000000000_INT |
||
| 650 |
_aMCE _9379 |
||
| 942 |
_2ddc _cBK |
||
| 999 |
_c545742 _d545742 |
||